Detrás de las trincheras (Record no. 160739)
[ view plain ]
| 000 -LEADER | |
|---|---|
| campo de control de longitud fija | 01173nam a2200217 i 4500 |
| 001 - NÚMERO DE CONTROL | |
| campo de control | 160739 |
| 003 - IDENTIFICADOR DE NÚMERO DE CONTROL | |
| campo de control | ES-MaACL |
| 005 - FECHA Y HORA DE LA ÚLTIMA TRANSACCIÓN | |
| campo de control | 20250701063152.0 |
| 008 - DATOS DE LONGITUD FIJA--INFORMACIÓN GENERAL | |
| campo de control de longitud fija | 981002s1876 sp af |||| |dspa d |
| 040 ## - FUENTE DE CATALOGACIÓN | |
| Centro catalogador/agencia de origen | CLM |
| Lengua de catalogación | spa |
| Centro/agencia transcriptor | CCPB | 3D |
| 100 1# - ENTRADA PRINCIPAL--NOMBRE DE PERSONA | |
| Nombre de persona | Nombela, Julio, |
| Fechas asociadas al nombre | 1836-1919 |
| 9 (RLIN) | 85930 |
| 245 10 - MENCIÓN DEL TÍTULO | |
| Título | Detrás de las trincheras |
| Resto del título | : páginas íntimas de la guerra y la paz desde 1868 hasta 1876 / |
| Mención de responsabilidad, etc. | Julio Nombela. |
| 250 ## - MENCION DE EDICION | |
| Mención de edición | 2ª ed. |
| 260 ## - PUBLICACIÓN, DISTRIBUCIÓN, ETC. | |
| Lugar de publicación, distribución, etc. | Madrid : |
| Nombre del editor, distribuidor, etc. | [s.n.], |
| Fecha de publicación, distribución, etc. | 1876 ( |
| Fabricante | Imp. de Manuel G. Hernández) |
| 300 ## - DESCRIPCIÓN FÍSICA | |
| Extensión | 559 p., [10] h. de lám. ; |
| Dimensiones | 23 cm. |
| 599 ## - NOTA A LAS ILUSTRACIONES | |
| NOTA A LAS ILUSTRACIONES | Las h. de grab. lit: "Litª. de M. de Hernández", sobre personajes ilustres de la época : Cánovas del Castillo, Martínez Campos, General Moriones, Indalecio Caso, el autor etc ... |
| 651 #4 - PUNTO DE ACCESO ADICIONAL DE MATERIA--NOMBRE GEOGRÁFICO | |
| Nombre geográfico | España- |
| Subdivisión general | Historia- |
| Subdivisión cronológica | 1833-1876, Guerras carlistas. |
| 9 (RLIN) | 8253 |
| 852 ## - LOCALIZACIÓN | |
| Ubicación | ES-MaACL |
| Número de control de estantería | B-1899 |
| Nota libre | -- Enc. hol. conservando la cub. original |
| condición física | -- Falto de [4] h. de lám. |
| Encuadernación | -- Edic.: Los ed. constan en la cub. original: Madrid : Librería de Donato Guio; Bayona : Librería de P. Cazals |
| 856 ## - LOCALIZACIÓN Y ACCESO ELECTRÓNICOS | |
| Identificador Uniforme de Recursos | <a href="http://www.archive.org/details/detrasdelastrin00nombgoog ">http://www.archive.org/details/detrasdelastrin00nombgoog </a> |
| Nota pública | Ir a la página |
| Estatus retirado | Estado de pérdida | Estado de daño | No para préstamo | Colección | Biblioteca de origen | Biblioteca actual | Ubicación en estantería | Fecha de adquisición | Fuente de adquisición | Total de préstamos | Signatura topográfica completa | Código de barras | Visto por última vez | Precio de reemplazo | Tipo de ítem Koha |
|---|---|---|---|---|---|---|---|---|---|---|---|---|---|---|---|
| Colección digital | Biblioteca del Ateneo de Madrid | Biblioteca del Ateneo de Madrid | Sala Pardo Bazán | 17/01/2008 | B-1899 | 1168321 | 23/02/2023 | 23/02/2023 | Libro impreso antiguo |
